| 000 | 01464nam0a22002891 4500 | ||
|---|---|---|---|
| 001 | v19\rc\1962851 | ||
| 005 | 20251118181019.4 | ||
| 035 | _a(NLR Aleph) 005046421 | ||
| 090 |
_a6848196 _c6848196 |
||
| 100 | _a20251123 rusy50 | ||
| 101 | 0 | _arus | |
| 102 | _aRU | ||
| 105 | _ay z ||||| | ||
| 200 | 1 |
_aКонсультации для грудных детей _eДокл. на заседании врачей Беспл. приюта, учрежд. Н.Ф. Уваровой в Киеве _fД-р мед. Л.О. Финкельштейн |
|
| 210 |
_aКиев _cтип. АО "Петр Барский" _d1913 |
||
| 215 |
_a[2], 281-294 с. _d26 |
||
| 311 | _aОтт. из кн. "Бесплатный родильный приют, учрежденный Н.Ф. Уваровой. 1 год его деятельности". Киев, 1913. С. 281-294 | ||
| 488 | 0 |
_12001#$aБесплатный родильный приют, учрежденный Н.Ф. Уваровой$e1 год его деятельности _1210##$aКиев$d1913 _1215##$aС. 281-294 _tБесплатный родильный приют, учрежденный Н.Ф. Уваровой |
|
| 700 | 1 |
_aФинкельштейн _bЛ.О. _f1856-1919 _gЛев Осипович |
|
| 801 | 0 |
_aRU _bNLR _gpsbo |
|
| 801 | 0 |
_aRU _bRuMoRGB _2psbo |
|
| 801 | 1 |
_aRU _bProSoft-M _2rusmarc |
|
| 852 |
_aNLR _j37.53.3.55 |
||
| 899 |
_aRuMoRGB _jP 47/241 |
||
| 899 | _aБАН | ||
| 942 | _cBOOK | ||
| 980 | _aNB | ||